Fr. Conceicao Rodrigues College of Engineering

Environmental studies:From crisis to cure (Record no. 19795)

MARC details
000 -LEADER
fixed length control field 00371nam a2200169Ia 4500
082 ## - DEWEY DECIMAL CLASSIFICATION NUMBER
Classification number 628
Item number RAJ
100 ## - MAIN ENTRY--PERSONAL NAME
Personal name Rajagopalan/R
245 ## - TITLE STATEMENT
Title Environmental studies:From crisis to cure
260 ## - PUBLICATION, DISTRIBUTION, ETC.
Name of publisher, distributor, etc. Oxford Higher Education
Date of publication, distribution, etc. 2005
366 ## - TRADE AVAILABILITY INFORMATION
Publishers's discount category 20
300 ## - PHYSICAL DESCRIPTION
Extent 376
546 ## - LANGUAGE NOTE
Language note ENGLISH
650 ## - SUBJECT ADDED ENTRY--TOPICAL TERM
Topical term or geographic name entry element Environment
654 ## - SUBJECT ADDED ENTRY--FACETED TOPICAL TERMS
Focus term environment
942 ## - ADDED ENTRY ELEMENTS (KOHA)
Koha item type BOOK
Holdings
Withdrawn status Lost status Damaged status Not for loan Collection Home library Current library Date acquired Source of acquisition Cost, normal purchase price Inventory number Total Checkouts Full call number Barcode Date last seen Cost, replacement price Price effective from Koha item type
        CRC Fr. Agnel's C.Rodrigues College of Engineering Fr. Agnel's C.Rodrigues College of Engineering 17/03/2023 Milan Book Supplier 132.00 1906 dt 14/09/2009   628 RAJ 20074 17/03/2023 165.00   BOOK
        CRC Fr. Agnel's C.Rodrigues College of Engineering Fr. Agnel's C.Rodrigues College of Engineering 17/03/2023 Milan Book Supplier 132.00 1906 dt 14/09/2009   628 RAJ 20075 17/03/2023 165.00   BOOK
        CRC Fr. Agnel's C.Rodrigues College of Engineering Fr. Agnel's C.Rodrigues College of Engineering 17/03/2023 Milan Book Supplier 132.00 1906 dt 14/09/2009   628 RAJ 20076 17/03/2023 165.00   BOOK
        CRC Fr. Agnel's C.Rodrigues College of Engineering Fr. Agnel's C.Rodrigues College of Engineering 17/03/2023 Milan Book Supplier 132.00 1906 dt 14/09/2009   628 RAJ 20077 17/03/2023 165.00   BOOK
        CRC Fr. Agnel's C.Rodrigues College of Engineering Fr. Agnel's C.Rodrigues College of Engineering 17/03/2023 Milan Book Supplier 132.00 1906 dt 14/09/2009   628 RAJ 20078 17/03/2023 165.00   BOOK